Plant Diversity And Medicinal Botany/ (Record no. 186197)

MARC details
000 -LEADER
fixed length control field 00650nam a22002057a 4500
005 - DATE AND TIME OF LATEST TRANSACTION
control field 20220311163506.0
010 ## - LCCN (DPL NO)
LC control number ENG-131628
020 ## - INTERNATIONAL STANDARD BOOK NUMBER
International Standard Book Number 120.00
035 ## - SYSTEM CONTROL NUMBER
System control number EN-115160
037 ## - SOURCE OF ACQUISITION
Source of stock number/acquisition DBAD
082 ## - DEWEY DECIMAL CLASSIFICATION NUMBER
Classification number 581.634
100 ## - MAIN ENTRY--PERSONAL NAME
Personal name Ragland, Annie
245 ## - TITLE STATEMENT
Title Plant Diversity And Medicinal Botany/
Statement of responsibility, etc Annie Ragland [et al.]
260 ## - PUBLICATION, DISTRIBUTION, ETC. (IMPRINT)
Place of publication, distribution, etc Kanyakumari
Name of publisher, distributor, etc Saras Publication
Date of publication, distribution, etc 2017
270 ## - ADDRESS
Address 114/35G, A.R.P. Camp Road, Periavilai, Kottar P.O., Nagercoil
City Kanyakumari
Postal code 629002
Electronic mail address info@saraspublication.com
300 ## - PHYSICAL DESCRIPTION
Extent iv, 386p.
Dimensions 18cm(pbk)
700 ## - ADDED ENTRY--PERSONAL NAME
Personal name Kumaresan, V.
700 ## - ADDED ENTRY--PERSONAL NAME
Personal name Arumugam, N.
942 ## - ADDED ENTRY ELEMENTS (KOHA)
Source of classification or shelving scheme Dewey Decimal Classification
Item type English Books
Classification part 581.634
Call number suffix RAG
Holdings
Withdrawn status Lost status Not for loan Collection code Home library Current library Date acquired Source of acquisition Cost, normal purchase price Full call number Barcode Copy number Cost, replacement price Koha item type
      Non-fiction Bawana Bawana 16/02/2022 DBAD/PUB 120.00 581.634 RAG EN-115160 1 120.00 English Books

© Delhi Public Library
Hit Counter
free hit counter